| 000 | 00422nam a2200157Ia 4500 | ||
|---|---|---|---|
| 008 | 230312s9999||||xx |||||||||||||| ||und|| | ||
| 020 | _a0-07-141226-3 | ||
| 082 |
_a649.143 _bBOR-S |
||
| 100 | _aMarian Edelman Borden | ||
| 245 | 0 | _aSibling Rivalry | |
| 260 |
_bMcGraw Hill _aUSA |
||
| 300 | _a121 | ||
| 546 | _aEng. | ||
| 650 |
_aEngineering _vThe art and artistry of sharing, Siblings, Since Cain and abel |
||
| 942 | _cBK | ||
| 999 |
_c1231 _d1231 |
||